Statistics for Countries by Coat of Arms #2

Click here to take the quiz!

General Stats

  • This quiz has been taken 28,995 times
  • The average score is 9 of 15

Answer Stats

Answer% Correct
Mexico
88%
Australia
87%
Egypt
85%
United Kingdom
83%
Argentina
69%
Vatican City
69%
Russia
61%
Thailand
59%
Haiti
57%
Japan
57%
Saudi Arabia
52%
Bhutan
51%
Peru
49%
Botswana
39%
D. R. Congo
35%

Score Distribution

Percentile by Number Answered

Percent of People with Each Score

Your Score History

You have not taken this quiz